Scream movie - last names - Statistics

General Stats
  • This quiz has been taken 298 times
  • The average score is 12 of 18
Answer Stats
Hint Answer % Correct
Billy Loomis
95%
Sideny Prescott
95%
Gale Weathers
90%
Dewey Riley
88%
Randy Meeks
82%
Jill Roberts
77%
Roman Bridger
73%
Quinn Bailey
69%
Sam Carpenter
69%
Amber Freeman
69%
Charlie Walker
67%
Richie Kirsch
66%
Mickey Altieri
61%
Ethan Landry
61%
Judy Hicks
58%
Mindy Meeks-Martin
42%
Jennifer Jolie
41%
Derek Feldman
31%
No matching quizzes found
Score Distribution
Percent of People with Each Score
Percentile by Number Answered
Your Score History
You have not taken this quiz